[Event "AUTO-ADV-4918"]
[Site "http://www.queenalice.com/game.php?id=1869157"]
[Date "2026.2.12"]
[Round "1"]
[White "altair"]
[Black "Fischercat"]
[Result "0-1"]
[WhiteElo "1782"]
[BlackElo "1911"]

1. e4 e5 2. Nf3 d6 3. h3 Nf6 4. d3 Be6 5. a3 h6 6. Be2 Nc6 7. b4 Nd4 8. Bb2
Nxf3+ 9. Bxf3 Rb8 10. Qe2 b6 11. d4 exd4 12. Bxd4 c5 13. bxc5 dxc5 14. Bc3 b5
15. O-O Bc4 16. Qe3 Bxf1 17. Kxf1 Be7 18. e5 Nd5 19. Bxd5 Qxd5 20. Nd2 O-O 21.
Rd1 Bg5 22. f4 Bh4 23. Qe2 b4 24. axb4 cxb4 25. Nf3 Qb5 26. Bb2 Qxe2+ 27. Kxe2
Bg3 28. Rd4 Rfd8 29. Rxd8+ Rxd8 30. Bc1 a5 31. Nd2 Bxf4 32. Nb3 Bxc1 33. Nxc1 a4
34. Nd3 Rxd3 35. cxd3 a3 0-1

[Event "AUTO-ADV-4918"]
[Site "http://www.queenalice.com/game.php?id=1869158"]
[Date "2026.2.12"]
[Round "1"]
[White "Fischercat"]
[Black "altair"]
[Result "1-0"]
[WhiteElo "1943"]
[BlackElo "1791"]

1. d4 d5 2. Nc3 e6 3. Bf4 Nf6 4. e3 h6 5. a3 Nh7 6. Nb5 Bd6 7. Bxd6 cxd6 8. Bd3
a6 9. Nc3 b5 10. Nf3 O-O 11. Ne2 Nd7 12. c3 f6 13. Bxh7+ Kxh7 14. h4 e5 15. O-O
e4 16. Nh2 f5 17. Nf4 Nb6 18. Qh5 Qf6 19. b3 a5 20. Qe2 Bd7 21. h5 b4 22. axb4
axb4 23. Rxa8 Rxa8 24. cxb4 Rb8 25. Ra1 Nc8 26. Nxd5 Qf7 27. Ra5 Nb6 28. Nxb6
Rxb6 29. f3 Rxb4 30. fxe4 fxe4 31. Ng4 Rxb3 32. Nf2 Qf5 33. Rxf5 1-0

[Event "AUTO-OPEN-4643"]
[Site "http://www.queenalice.com/game.php?id=1870484"]
[Date "2026.3.13"]
[Round "1"]
[White "maurice916"]
[Black "Fischercat"]
[Result "1/2-1/2"]
[WhiteElo "1828"]
[BlackElo "1953"]

1. Nf3 d5 2. b3 c5 3. Bb2 Nf6 4. e3 Bg4 5. Be2 Bxf3 6. Bxf3 e6 7. d4 cxd4 8.
exd4 Bd6 9. O-O O-O 10. c4 Nbd7 11. g3 b6 12. Nd2 Rc8 13. a3 a6 14. cxd5 Nxd5
15. Ne4 N7f6 16. Nxd6 Qxd6 17. Qd2 Rc7 18. Bg2 Rfc8 19. Rfc1 b5 20. Rxc7 Rxc7
21. Rc1 Ng4 22. f3 Nge3 23. Kf2 Nxg2 24. Kxg2 h5 25. Rxc7 Qxc7 26. Kf2 f6 27.
Qd3 Qc6 28. h3 Kf7 29. h4 f5 30. Kg1 Qd6 31. Kg2 1/2-1/2

[Event "AUTO-OPEN-4643"]
[Site "http://www.queenalice.com/game.php?id=1870485"]
[Date "2026.3.13"]
[Round "1"]
[White "Fischercat"]
[Black "maurice916"]
[Result "1-0"]
[WhiteElo "1931"]
[BlackElo "1831"]

1. d4 d6 2. e4 Nf6 3. Bd3 c6 4. Nc3 Bg4 5. Be2 Bxe2 6. Ngxe2 h6 7. O-O Nbd7 8.
Be3 e5 9. d5 Be7 10. dxc6 bxc6 11. Ng3 c5 12. Nd5 Rb8 13. Nf5 Bf8 14. b3 g6 15.
Ng3 Bg7 16. f4 exf4 17. Bxf4 O-O 18. Bxd6 Rb7 19. Bxf8 Bxf8 20. Nxf6+ Nxf6 21.
Qxd8 1-0

[Event "AUTO-OPEN-4643"]
[Site "http://www.queenalice.com/game.php?id=1870508"]
[Date "2026.3.13"]
[Round "1"]
[White "Fischercat"]
[Black "dosoldini"]
[Result "1-0"]
[WhiteElo "1927"]
[BlackElo "1638"]

1. d4 d5 2. Nc3 Nf6 3. Bg5 a6 4. e3 Nbd7 5. Nf3 h6 6. Bh4 c5 7. dxc5 Nxc5 8.
Bxf6 Be6 9. Bd4 Nd7 10. Ne5 Nxe5 11. Bxe5 f6 12. Bg3 Qb6 13. b3 Rd8 14. Bd3 d4
15. exd4 Qc6 16. Qd2 g5 17. O-O Bg7 18. Be4 Qd7 19. Bg6+ Bf7 20. Bxf7+ Kxf7 21.
Na4 Qe6 22. Rfe1 Qb6 23. Nxb6 1-0

[Event "AUTO-OPEN-4643"]
[Site "http://www.queenalice.com/game.php?id=1870509"]
[Date "2026.3.13"]
[Round "1"]
[White "dosoldini"]
[Black "Fischercat"]
[Result "0-1"]
[WhiteElo "1643"]
[BlackElo "1918"]

1. e4 e5 2. Nf3 d6 3. Nc3 Nf6 4. h3 a6 5. d4 exd4 6. Nxd4 c5 7. Nf3 Nc6 8. a3 h6
9. Be3 Be6 10. Bd3 Be7 11. Qe2 O-O 12. O-O-O Nd7 13. g4 Nce5 14. Nxe5 dxe5 15.
h4 Rc8 16. Qd2 Bxg4 17. Ne2 c4 18. Bxh6 cxd3 0-1

[Event "AUTO-OPEN-4643"]
[Site "http://www.queenalice.com/game.php?id=1870510"]
[Date "2026.3.13"]
[Round "1"]
[White "Fischercat"]
[Black "EduardoRo"]
[Result "1-0"]
[WhiteElo "1922"]
[BlackElo "1645"]

1. e4 e5 2. Bc4 Nf6 3. d3 Bc5 4. h3 O-O 5. Nf3 d6 6. Bg5 Be6 7. Bxe6 fxe6 8. c3
Nbd7 9. O-O d5 10. exd5 exd5 11. d4 exd4 12. cxd4 Be7 13. Nc3 b6 14. Bxf6 Rxf6
15. Nxd5 Rf5 16. Nxe7+ Qxe7 17. Qb3+ Kh8 18. Rfe1 Qf8 19. Rac1 Rc8 20. Qa4 Nf6
21. Re5 Rxe5 22. Nxe5 a5 23. Nd7 Qd6 24. Nxf6 gxf6 25. Re1 Qf8 26. Qc6 Qf7 27.
d5 Qf8 28. Re6 f5 29. Rf6 Qe8 30. Qc3 Kg8 31. Rxf5 Qg6 32. Rf6 Qb1+ 33. Kh2 Qxa2
34. Qg3+ Kh8 35. Qe5 Kg8 36. Qe6+ 1-0

[Event "AUTO-OPEN-4643"]
[Site "http://www.queenalice.com/game.php?id=1870511"]
[Date "2026.3.13"]
[Round "1"]
[White "EduardoRo"]
[Black "Fischercat"]
[Result "0-1"]
[WhiteElo "1489"]
[BlackElo "1895"]

1. e4 e5 2. Nf3 d6 3. Bc4 h6 4. O-O Be7 5. c3 Bd7 6. d4 exd4 7. cxd4 Bg4 8. Nc3
Nc6 9. d5 Ne5 10. h3 Bxf3 11. Qd4 Bh5 12. Bf4 Bf6 13. b4 Nf3+ 14. gxf3 Bxd4 15.
Rac1 Qf6 16. Ne2 Bxf3 17. Ng3 Qxf4 18. Rce1 Qxg3# 0-1

[Event "AUTO-ADV-4928"]
[Site "http://www.queenalice.com/game.php?id=1871517"]
[Date "2026.4.5"]
[Round "1"]
[White "game"]
[Black "Fischercat"]
[Result "0-1"]
[WhiteElo "1690"]
[BlackElo "1925"]

1. d4 d5 2. Nf3 h6 3. e3 Bg4 4. Be2 e6 5. Ne5 Bxe2 6. Qxe2 Bd6 7. O-O Nc6 8. Qf3
Nxe5 9. dxe5 Bxe5 10. Rd1 c6 11. e4 Nf6 12. Nc3 O-O 13. Bf4 Qd6 14. Bxe5 Qe7 15.
Qg3 Rad8 16. Bc7 Rd7 17. Bf4 Rfd8 18. Bxh6 g6 19. Bg5 dxe4 20. Re1 Kg7 21. Nxe4
Nxe4 22. Qe5+ f6 23. Qxe4 fxg5 24. Re3 Rd6 25. g4 Qf6 26. Qb4 R8d7 27. Rae1 b6
28. Qb3 Re7 29. a4 e5 30. Qc3 Qf4 31. Rxe5 Rxe5 32. Rxe5 Rf6 33. Re7+ Kf8 34.
Qa3 Qxf2+ 35. Kh1 Qf1# 0-1

[Event "AUTO-ADV-4928"]
[Site "http://www.queenalice.com/game.php?id=1871518"]
[Date "2026.4.5"]
[Round "1"]
[White "Fischercat"]
[Black "game"]
[Result "1-0"]
[WhiteElo "1925"]
[BlackElo "1704"]

1. Nf3 e6 2. d4 Nc6 3. a3 d5 4. Nc3 Bd7 5. e4 Nf6 6. Bg5 Be7 7. e5 Ne4 8. Bxe7
Qxe7 9. Bd3 O-O-O 10. O-O f6 11. Bxe4 dxe4 12. Nxe4 Be8 13. c3 Nxe5 14. Qe2 a6
15. dxe5 f5 16. Ng3 Bb5 17. c4 Ba4 18. Rab1 b5 19. b3 f4 20. Ne4 bxc4 21. bxa4
h5 22. Qxc4 Kd7 23. Nfg5 Ke8 24. Nxe6 Qf7 25. Qc6+ Rd7 26. N4g5 Qg8 27. Rb8+ Ke7
28. Rxg8 Rxg8 29. Nc5 Rdd8 30. Qxc7+ Ke8 31. Qf7# 1-0

[Event "AUTO-ADV-4928"]
[Site "http://www.queenalice.com/game.php?id=1871523"]
[Date "2026.4.5"]
[Round "1"]
[White "chessman"]
[Black "Fischercat"]
[Result "0-1"]
[WhiteElo "1980"]
[BlackElo "1906"]

1. e4 e5 2. Nf3 Nc6 3. Bb5 a6 4. Ba4 b5 5. Bb3 h6 6. O-O Bc5 7. c3 d6 8. d4 exd4
9. cxd4 Bb6 10. Nc3 Bg4 11. Be3 Nf6 12. e5 dxe5 13. dxe5 Bxf3 14. Qxd8+ Rxd8 15.
exf6 Bh5 16. fxg7 Rg8 17. Bxh6 Rd6 18. Rfe1+ Kd7 19. Nd5 Rxh6 20. Nxb6+ cxb6 21.
Rad1+ Bxd1 22. Rxd1+ Rd6 0-1